| 000 | 00519 a2200169 4500 | ||
|---|---|---|---|
| 003 | OSt | ||
| 005 | 20231028120344.0 | ||
| 008 | 231028b |||||||| |||| 00| 0 eng d | ||
| 020 | _a9789354320507 | ||
| 040 | _coclc | ||
| 082 |
_a894.8122 _bSAN/G |
||
| 100 |
_aSankarapillai, G _99786 |
||
| 245 |
_a G SANKARA PILLAYUDE THIRANJEDUTHA NATAKANGAL / _cG Sankarapilla |
||
| 260 |
_aKottayam: _bD C Books, _c2022. |
||
| 300 |
_a2V; 1024p, _c21cm |
||
| 942 |
_2ddc _cBK _h894.8122 _iSAN/G _k894.8122 _mSAN/G |
||
| 999 |
_c42917 _d42917 |
||